[Event "34. Open Internacional de Andorra 2016"]
[Site "Andorra AND"]
[Date "2016.08.05"]
[Round "3.15"]
[White "Pein, Malcolm"]
[Black "Malassagne, Isabelle"]
[Result "1/2-1/2"]
[WhiteElo "2357"]
[BlackElo "2140"]
[PlyCount "85"]
[EventDate "2016.08.03"]
[EventType "swiss"]
[EventRounds "9"]
[EventCountry "AND"]
[SourceTitle "Ajedrez en Madrid"]
[Source "lmi"]
[SourceDate "2016.08.03"]
[SourceVersion "1"]
[SourceVersionDate "2018.03.01"]
[SourceQuality "1"]

1. Nf3 Nf6 2. c4 g6 3. Nc3 d5 4. cxd5 Nxd5 5. Qa4+ Bd7 6. Qh4 Bc6 7. Qd4 f6 8.
e4 Nxc3 9. bxc3 Nd7 10. Qe3 e5 11. d4 exd4 12. cxd4 Bb4+ 13. Bd2 Bxd2+ 14. Nxd2
Nb6 15. d5 Bd7 16. Be2 Qe7 17. O-O O-O 18. Nc4 Rae8 19. Nxb6 axb6 20. Rac1 Qd6
21. Qc3 Rc8 22. Bc4 Rfe8 23. Rfe1 Kg7 24. Qe3 b5 25. Bb3 c5 26. dxc6 Bxc6 27.
Rcd1 Qe5 28. Rd4 Rcd8 29. Rxd8 Rxd8 30. f3 b4 31. Rc1 Rd7 32. Qc5 Qf4 33. Qc4
Kh6 34. Qc5 Kg7 35. h3 h5 36. Rd1 Rxd1+ 37. Bxd1 Qd2 38. Qe7+ Kh6 39. Qf8+ Kh7
40. Bb3 Qe3+ 41. Kh1 Qc1+ 42. Kh2 Qf4+ 43. Kh1 1/2-1/2

[Event "34. Open Internacional de Andorra 2016"]
[Site "Andorra AND"]
[Date "2016.08.05"]
[Round "3.16"]
[White "Guerra Reig, Juan"]
[Black "Berkovich, Mark A"]
[Result "0-1"]
[WhiteElo "2019"]
[BlackElo "2346"]
[PlyCount "42"]
[EventDate "2016.08.03"]
[EventType "swiss"]
[EventRounds "9"]
[EventCountry "AND"]
[SourceTitle "Ajedrez en Madrid"]
[Source "lmi"]
[SourceDate "2016.08.03"]
[SourceVersion "1"]
[SourceVersionDate "2018.03.01"]
[SourceQuality "1"]

1. c4 e5 2. Nc3 Nf6 3. d3 Bb4 4. e4 c6 5. Bg5 h6 6. Bh4 d6 7. a3 Ba5 8. Nge2
Be6 9. b4 Bb6 10. Na4 Bc7 11. Nec3 a6 12. d4 exd4 13. Qxd4 Nbd7 14. c5 dxc5 15.
bxc5 Be5 16. Qb4 O-O 17. Bc4 Bxc3+ 18. Nxc3 a5 19. Qb3 Nxc5 20. Qa2 Qd4 21.
Bxf6 gxf6 0-1

[Event "34. Open Internacional de Andorra 2016"]
[Site "Andorra AND"]
[Date "2016.08.05"]
[Round "3.17"]
[White "Eden, James"]
[Black "Schmit, Vincent"]
[Result "1/2-1/2"]
[WhiteElo "2320"]
[BlackElo "2074"]
[PlyCount "134"]
[EventDate "2016.08.03"]
[EventType "swiss"]
[EventRounds "9"]
[EventCountry "AND"]
[SourceTitle "Ajedrez en Madrid"]
[Source "lmi"]
[SourceDate "2016.08.03"]
[SourceVersion "1"]
[SourceVersionDate "2018.03.01"]
[SourceQuality "1"]

1. d4 Nf6 2. Bf4 e6 3. e3 b6 4. Nf3 Be7 5. h3 Bb7 6. Bd3 Ne4 7. Nbd2 f5 8. Bxe4
fxe4 9. Ng5 Bxg5 10. Qh5+ g6 11. Qxg5 Qxg5 12. Bxg5 Nc6 13. c4 h6 14. Bf4 O-O-O
15. O-O Rdf8 16. Bh2 Ne7 17. Rac1 Rf5 18. d5 exd5 19. cxd5 Nxd5 20. Nxe4 Kb8
21. Nd2 Rf7 22. Nf3 d6 23. Nd4 Rhf8 24. e4 Nb4 25. Rc4 Ba6 26. Rxb4 Bxf1 27.
Ne6 Re8 28. Nxc7 Rxc7 29. Kxf1 Re6 30. Ke2 Rc2+ 31. Ke3 Kb7 32. Bg3 a5 33. Rb3
Rc4 34. f3 Rc2 35. Kd4 Rd2+ 36. Kc4 Kc6 37. Bf4 Rxg2 38. Bxh6 Re5 39. Be3 b5+
40. Kd3 Rh5 41. f4 Rxh3 42. Kd4 Rc2 43. Ra3 Rxb2 44. Rxa5 Rb4+ 45. Kd3 Ra4 46.
Rxa4 bxa4 47. a3 Rh1 48. Bd2 Rh3+ 49. Be3 Kb5 50. Kd4 Rh1 51. Kd5 Rd1+ 52. Bd4
Rf1 53. e5 dxe5 54. fxe5 Rf5 55. Be3 Rf3 56. Bd4 Rf8 57. Bc5 Rc8 58. Bb4 g5 59.
e6 g4 60. Bd6 Re8 61. e7 Kb6 62. Ke6 Kc6 63. Be5 Rc8 64. Bf4 Re8 65. Be5 Kb5
66. Kd7 Rxe7+ 67. Kxe7 Ka6 1/2-1/2

[Event "34. Open Internacional de Andorra 2016"]
[Site "Andorra AND"]
[Date "2016.08.05"]
[Round "3.18"]
[White "Rudolf, Anna"]
[Black "Picart, Laurent"]
[Result "1-0"]
[WhiteElo "2247"]
[BlackElo "2084"]
[PlyCount "31"]
[EventDate "2016.08.03"]
[EventType "swiss"]
[EventRounds "9"]
[EventCountry "AND"]
[SourceTitle "Ajedrez en Madrid"]
[Source "lmi"]
[SourceDate "2016.08.03"]
[SourceVersion "1"]
[SourceVersionDate "2018.03.01"]
[SourceQuality "1"]

1. d4 Nf6 2. Nf3 e6 3. e3 c5 4. Bd3 d5 5. b3 Nc6 6. O-O Bd6 7. Bb2 O-O 8. Nbd2
b6 9. Ne5 Bb7 10. a3 Ne7 11. Qf3 Rc8 12. Qh3 b5 13. dxc5 Bxc5 14. Nc6 Bxc6 15.
Bxf6 Ng6 16. Bxd8 1-0

[Event "34. Open Internacional de Andorra 2016"]
[Site "Andorra AND"]
[Date "2016.08.05"]
[Round "3.19"]
[White "Eizaguerri Floris, Maria"]
[Black "Garrido Fernandez, Daniel"]
[Result "1-0"]
[WhiteElo "2111"]
[BlackElo "2204"]
[PlyCount "71"]
[EventDate "2016.08.03"]
[EventType "swiss"]
[EventRounds "9"]
[EventCountry "AND"]
[SourceTitle "Ajedrez en Madrid"]
[Source "lmi"]
[SourceDate "2016.08.03"]
[SourceVersion "1"]
[SourceVersionDate "2018.03.01"]
[SourceQuality "1"]

1. e4 d5 2. exd5 Nf6 3. Bb5+ Nbd7 4. d4 a6 5. Be2 Nxd5 6. c4 N5f6 7. Nf3 e6 8.
O-O c5 9. Nc3 cxd4 10. Nxd4 Be7 11. Be3 O-O 12. Qd2 Qc7 13. Bf4 Qb6 14. Rad1
Nc5 15. Bf3 Rd8 16. Qe2 Bd7 17. b3 Rac8 18. Nf5 exf5 19. Qxe7 Re8 20. Qd6 Qxd6
21. Rxd6 Nfe4 22. Nxe4 fxe4 23. Be2 Bf5 24. g4 Be6 25. Rfd1 f6 26. h3 h5 27.
gxh5 Bxh3 28. Kh2 Bf5 29. h6 Re6 30. Rd8+ Rxd8 31. Rxd8+ Kh7 32. hxg7 Kxg7 33.
Rd5 Nd3 34. Bxd3 exd3 35. Rxf5 Re2 36. Be3 1-0

[Event "34. Open Internacional de Andorra 2016"]
[Site "Andorra AND"]
[Date "2016.08.05"]
[Round "3.20"]
[White "Gozzoli, Yannick"]
[Black "Arjol Lopez, Daniel"]
[Result "1-0"]
[WhiteElo "2573"]
[BlackElo "1963"]
[PlyCount "47"]
[EventDate "2016.08.03"]
[EventType "swiss"]
[EventRounds "9"]
[EventCountry "AND"]
[SourceTitle "Ajedrez en Madrid"]
[Source "lmi"]
[SourceDate "2016.08.03"]
[SourceVersion "1"]
[SourceVersionDate "2018.03.01"]
[SourceQuality "1"]

1. d4 d5 2. Nf3 c6 3. c4 e6 4. Nc3 dxc4 5. a4 Bb4 6. g3 b5 7. Bg2 Nf6 8. O-O
Bxc3 9. bxc3 Bb7 10. Ba3 Nbd7 11. Nd2 Nd5 12. Ne4 b4 13. Nd6+ Ke7 14. Nxb7 Qc7
15. cxb4 Qxb7 16. b5+ Ke8 17. e4 Nc7 18. bxc6 Qxc6 19. d5 Qb6 20. Rb1 Qa5 21.
dxe6 Nxe6 22. Qd6 Qd8 23. Rb7 Rb8 24. Rxd7 1-0

[Event "34. Open Internacional de Andorra 2016"]
[Site "Andorra AND"]
[Date "2016.08.05"]
[Round "3.21"]
[White "Kozlowski, Thierry"]
[Black "Riff, Jean-Noel"]
[Result "0-1"]
[WhiteElo "1959"]
[BlackElo "2483"]
[PlyCount "70"]
[EventDate "2016.08.03"]
[EventType "swiss"]
[EventRounds "9"]
[EventCountry "AND"]
[SourceTitle "Ajedrez en Madrid"]
[Source "lmi"]
[SourceDate "2016.08.03"]
[SourceVersion "1"]
[SourceVersionDate "2018.03.01"]
[SourceQuality "1"]

1. d4 Nf6 2. c4 Nc6 3. Nf3 e6 4. a3 d6 5. b4 g6 6. Bb2 Bg7 7. Qc2 O-O 8. g3 Re8
9. Bg2 e5 10. d5 Bf5 11. Qb3 Nb8 12. e3 c6 13. dxc6 Nxc6 14. O-O a5 15. Nfd2
Be6 16. b5 a4 17. Qd3 Na5 18. Nc3 Rc8 19. Nd5 Nd7 20. Qc3 Nc5 21. Rac1 Bf5 22.
Nb4 Bd7 23. Bd5 Nab3 24. Nxb3 Nxb3 25. Rcd1 Bxb5 26. cxb5 Rxc3 27. Bxc3 Qb6 28.
Bxb3 axb3 29. a4 Qa5 30. Rxd6 e4 31. Bxg7 Kxg7 32. Rd4 Qxa4 33. Rb1 Rc8 34.
Rxe4 b2 35. Kg2 Qa1 0-1

[Event "34. Open Internacional de Andorra 2016"]
[Site "Andorra AND"]
[Date "2016.08.05"]
[Round "3.22"]
[White "Blondel, Jerome"]
[Black "Aubry, Yannis"]
[Result "1/2-1/2"]
[WhiteElo "1933"]
[BlackElo "2269"]
[PlyCount "32"]
[EventDate "2016.08.03"]
[EventType "swiss"]
[EventRounds "9"]
[EventCountry "AND"]
[SourceTitle "Ajedrez en Madrid"]
[Source "lmi"]
[SourceDate "2016.08.03"]
[SourceVersion "1"]
[SourceVersionDate "2018.03.01"]
[SourceQuality "1"]

1. c4 Nf6 2. Nc3 g6 3. g3 Bg7 4. Bg2 O-O 5. Nf3 d6 6. O-O Nc6 7. d4 a6 8. d5
Na5 9. Qd3 c5 10. e4 Ng4 11. h3 Ne5 12. Nxe5 Bxe5 13. Bh6 Re8 14. f4 Bd4+ 15.
Kh2 f5 16. b4 b5 1/2-1/2

[Event "34. Open Internacional de Andorra 2016"]
[Site "Andorra AND"]
[Date "2016.08.05"]
[Round "3.23"]
[White "Jacquot, Adrien"]
[Black "Nieves Cabanes, Jose Manuel"]
[Result "0-1"]
[WhiteElo "1929"]
[BlackElo "2227"]
[PlyCount "60"]
[EventDate "2016.08.03"]
[EventType "swiss"]
[EventRounds "9"]
[EventCountry "AND"]
[SourceTitle "Ajedrez en Madrid"]
[Source "lmi"]
[SourceDate "2016.08.03"]
[SourceVersion "1"]
[SourceVersionDate "2018.03.01"]
[SourceQuality "1"]

1. e4 e5 2. Nf3 Nc6 3. Bc4 Bc5 4. c3 Nf6 5. d3 a6 6. Bb3 Ba7 7. O-O d6 8. Nbd2
O-O 9. Nc4 h6 10. Ne3 Be6 11. Nf5 Bxf5 12. exf5 d5 13. h3 Re8 14. Nh2 Qd6 15.
g4 Rad8 16. g5 hxg5 17. Bxg5 e4 18. d4 Ne7 19. Ng4 Nh7 20. Qd2 Nxf5 21. Bxd8
Rxd8 22. Kh1 c6 23. Rg1 Bb8 24. Rg2 Nh4 25. Rg3 Qe6 26. Nh6+ Kh8 27. Rg4 Nf3
28. Nxf7+ Qxf7 29. Qe3 Nf6 30. Rg2 Qh5 0-1

[Event "34. Open Internacional de Andorra 2016"]
[Site "Andorra AND"]
[Date "2016.08.05"]
[Round "3.24"]
[White "Leiro Giralt, Daniel"]
[Black "Cai, Chaoruo"]
[Result "1/2-1/2"]
[WhiteElo "2199"]
[BlackElo "1961"]
[PlyCount "113"]
[EventDate "2016.08.03"]
[EventType "swiss"]
[EventRounds "9"]
[EventCountry "AND"]
[SourceTitle "Ajedrez en Madrid"]
[Source "lmi"]
[SourceDate "2016.08.03"]
[SourceVersion "1"]
[SourceVersionDate "2018.03.01"]
[SourceQuality "1"]

1. e4 e6 2. d4 d5 3. Bd3 Nc6 4. c3 e5 5. Nf3 Bg4 6. h3 Bh5 7. g4 Bg6 8. exd5
Qxd5 9. Bxg6 hxg6 10. dxe5 Qxd1+ 11. Kxd1 O-O-O+ 12. Kc2 Re8 13. Bf4 f6 14.
Nbd2 fxe5 15. Rae1 Bd6 16. Nc4 Rf8 17. Bxe5 Rxf3 18. Nxd6+ cxd6 19. Bxg7 Rxf2+
20. Kc1 Rh7 21. Re8+ Kd7 22. Rxg8 Rg2 23. Bd4 Nxd4 24. cxd4 Re7 25. Rxg6 Ree2
26. Rg7+ Kc6 27. d5+ Kb6 28. h4 Rc2+ 29. Kb1 Rxb2+ 30. Ka1 Rxa2+ 31. Kb1 Rab2+
32. Ka1 Ra2+ 33. Kb1 a5 34. Rf7 Rab2+ 35. Ka1 Ra2+ 36. Kb1 Rab2+ 37. Ka1 a4 38.
Rf3 Ra2+ 39. Kb1 Rab2+ 40. Ka1 Ra2+ 41. Kb1 Ka5 42. h5 a3 43. Rb3 b5 44. h6 Ka4
45. Rhh3 b4 46. h7 Rae2 47. Ka1 Ra2+ 48. Kb1 Rae2 49. Ka1 a2 50. Rh1 Rh2 51.
h8=Q Rxh8 52. Rxb4+ Kxb4 53. Rxh8 Kc4 54. Ra8 Rg2 55. Rxa2 Rg1+ 56. Kb2 Kxd5
57. Ra4 1/2-1/2

[Event "34. Open Internacional de Andorra 2016"]
[Site "Andorra AND"]
[Date "2016.08.05"]
[Round "3.25"]
[White "Viennois, Romain"]
[Black "Marzano, Carlo"]
[Result "0-1"]
[WhiteElo "1926"]
[BlackElo "2199"]
[PlyCount "64"]
[EventDate "2016.08.03"]
[EventType "swiss"]
[EventRounds "9"]
[EventCountry "AND"]
[SourceTitle "Ajedrez en Madrid"]
[Source "lmi"]
[SourceDate "2016.08.03"]
[SourceVersion "1"]
[SourceVersionDate "2018.03.01"]
[SourceQuality "1"]

1. e4 d6 2. d4 Nf6 3. Nc3 e5 4. Nf3 Nbd7 5. Bc4 Be7 6. O-O O-O 7. h3 c6 8. a4
a5 9. Re1 Nb6 10. Bb3 Nfd7 11. Be3 exd4 12. Bxd4 Nc5 13. Nd2 Nxb3 14. Nxb3 Nc4
15. Rb1 c5 16. Be3 Nxe3 17. Rxe3 f5 18. exf5 Bxf5 19. Rf3 Kh8 20. Nd5 Bd7 21.
Rxf8+ Bxf8 22. Ra1 b5 23. axb5 Bxb5 24. Nd2 g6 25. c4 Bc6 26. Ne4 Bg7 27. Ra2
a4 28. Qd2 Qh4 29. Nxd6 Rf8 30. Ra3 Bd4 31. Rf3 Rxf3 32. gxf3 Qg3+ 0-1

[Event "34. Open Internacional de Andorra 2016"]
[Site "Andorra AND"]
[Date "2016.08.06"]
[Round "4.1"]
[White "Granda Zuniga, Julio E"]
[Black "Bekker-Jensen, Simon"]
[Result "1-0"]
[WhiteElo "2672"]
[BlackElo "2456"]
[PlyCount "63"]
[EventDate "2016.08.03"]
[EventType "swiss"]
[EventRounds "9"]
[EventCountry "AND"]
[SourceTitle "Ajedrez en Madrid"]
[Source "lmi"]
[SourceDate "2016.08.03"]
[SourceVersion "1"]
[SourceVersionDate "2018.03.01"]
[SourceQuality "1"]

1. b3 Nf6 2. Bb2 g6 3. g3 Bg7 4. Bg2 d6 5. e4 c5 6. Ne2 O-O 7. O-O Nc6 8. d4
cxd4 9. Nxd4 Nxd4 10. Bxd4 Bg4 11. Qd2 Qd7 12. Re1 Rac8 13. a4 a6 14. c4 b5 15.
cxb5 axb5 16. a5 e5 17. Bb2 Be6 18. b4 d5 19. exd5 Nxd5 20. Na3 Rfd8 21. Bxe5
Bf8 22. Re4 Nxb4 23. Rd4 Qe8 24. Qe2 Bc4 25. Rxd8 Bxe2 26. Rxe8 Rxe8 27. Bd4
Rd8 28. Bb6 Rd2 29. Be3 Ra2 30. Rxa2 Nxa2 31. a6 Bxa3 32. a7 1-0

[Event "34. Open Internacional de Andorra 2016"]
[Site "Andorra AND"]
[Date "2016.08.06"]
[Round "4.2"]
[White "Vovk, Andriy"]
[Black "Barbot, Pierre"]
[Result "1-0"]
[WhiteElo "2637"]
[BlackElo "2444"]
[PlyCount "81"]
[EventDate "2016.08.03"]
[EventType "swiss"]
[EventRounds "9"]
[EventCountry "AND"]
[SourceTitle "Ajedrez en Madrid"]
[Source "lmi"]
[SourceDate "2016.08.03"]
[SourceVersion "1"]
[SourceVersionDate "2018.03.01"]
[SourceQuality "1"]

1. e4 e5 2. Nf3 Nc6 3. Bc4 Bc5 4. c3 Nf6 5. d3 O-O 6. O-O d5 7. exd5 Nxd5 8. a4
a5 9. Nbd2 Nb6 10. Bb5 Bd6 11. Ne4 Bg4 12. h3 Bh5 13. Ng3 Bg6 14. Qb3 Na7 15.
Bg5 Qc8 16. Nh4 Nxb5 17. Nxg6 hxg6 18. Qxb5 Qe6 19. Ne4 f6 20. Be3 Be7 21. Bc5
Rfd8 22. Rfe1 Bxc5 23. Nxc5 Qd5 24. d4 exd4 25. cxd4 Qc4 26. Qxc4+ Nxc4 27. Re7
Rxd4 28. Rae1 Ne5 29. Nxb7 Rxa4 30. Nc5 Rd4 31. Rxc7 g5 32. b3 Rd5 33. Ra1 Rb8
34. Rxa5 Nd3 35. b4 Nxc5 36. bxc5 Rb1+ 37. Kh2 Rc1 38. Raa7 Kh7 39. Rxg7+ Kh6
40. g4 f5 41. Rge7 1-0

[Event "34. Open Internacional de Andorra 2016"]
[Site "Andorra AND"]
[Date "2016.08.06"]
[Round "4.3"]
[White "Lagarde, Maxime"]
[Black "Banusz, Tamas"]
[Result "1-0"]
[WhiteElo "2572"]
[BlackElo "2616"]
[PlyCount "81"]
[EventDate "2016.08.03"]
[EventType "swiss"]
[EventRounds "9"]
[EventCountry "AND"]
[SourceTitle "Ajedrez en Madrid"]
[Source "lmi"]
[SourceDate "2016.08.03"]
[SourceVersion "1"]
[SourceVersionDate "2018.03.01"]
[SourceQuality "1"]

1. e4 e5 2. Nf3 Nc6 3. Bb5 a6 4. Ba4 Nf6 5. O-O Be7 6. d3 b5 7. Bb3 d6 8. a3
Na5 9. Ba2 c5 10. Bg5 Be6 11. Bxf6 Bxf6 12. Bxe6 fxe6 13. b4 Nc6 14. bxc5 dxc5
15. a4 O-O 16. axb5 axb5 17. Nc3 Qb6 18. Rb1 Nb4 19. Ne2 Rfd8 20. Rb2 Ra5 21.
Ng3 g6 22. Qc1 Qa7 23. h4 h5 24. d4 Rxd4 25. Nxd4 exd4 26. e5 Bxh4 27. Ne4 Kg7
28. Qf4 Bd8 29. Nd6 Qd7 30. Rxb4 cxb4 31. Rd1 Ra2 32. Rxd4 Qe7 33. Rxb4 Rxc2
34. Rxb5 Qf8 35. Qe3 h4 36. Rb7+ Bc7 37. Nb5 Qf7 38. Qf3 Rc1+ 39. Kh2 Qe7 40.
Nxc7 Rxc7 41. Qf6+ 1-0

[Event "34. Open Internacional de Andorra 2016"]
[Site "Andorra AND"]
[Date "2016.08.06"]
[Round "4.4"]
[White "Aloma Vidal, Robert"]
[Black "Cori, Jorge"]
[Result "1/2-1/2"]
[WhiteElo "2475"]
[BlackElo "2601"]
[PlyCount "142"]
[EventDate "2016.08.03"]
[EventType "swiss"]
[EventRounds "9"]
[EventCountry "AND"]
[SourceTitle "Ajedrez en Madrid"]
[Source "lmi"]
[SourceDate "2016.08.03"]
[SourceVersion "1"]
[SourceVersionDate "2018.03.01"]
[SourceQuality "1"]

1. d4 Nf6 2. c4 g6 3. Nc3 Bg7 4. e4 d6 5. h3 O-O 6. Bg5 Nbd7 7. Bd3 c5 8. d5 a6
9. Nf3 b5 10. O-O bxc4 11. Bxc4 Nb6 12. Be2 Rb8 13. e5 Ne8 14. exd6 Nxd6 15.
Re1 Re8 16. Rc1 Bb7 17. Bf1 Nf5 18. Bf4 Rc8 19. Be5 Nxd5 20. Nxd5 Qxd5 21. Qxd5
Bxd5 22. Bxa6 Ra8 23. Bb5 Red8 24. g4 Nd6 25. Be2 Rdc8 26. a3 Rab8 27. b4 Bxe5
28. Nxe5 cxb4 29. Rxc8+ Nxc8 30. Nd7 Rb7 31. Nc5 Rb6 32. axb4 Rxb4 33. Ba6 Nd6
34. Rxe7 Rb1+ 35. Kh2 h5 36. Kg3 g5 37. f3 Rc1 38. Rd7 h4+ 39. Kf2 Rxc5 40.
Rxd6 Kf8 41. Be2 Ke7 42. Rb6 Rc3 43. Bd1 Ra3 44. Rb2 Kd6 45. Be2 Rc3 46. Rb4
Be6 47. Rd4+ Ke7 48. Re4 Kf6 49. Re3 Rc2 50. Kg1 Ke7 51. Bd3 Rc1+ 52. Kf2 Kd6
53. Re1 Rc3 54. Re3 Ra3 55. Bf1 Ra4 56. Bb5 Rb4 57. Bf1 f5 58. Bd3 fxg4 59.
fxg4 Bd5 60. Bf1 Bc6 61. Be2 Rb2 62. Kg1 Rb1+ 63. Kf2 Rh1 64. Bf1 Bd5 65. Re8
Rh2+ 66. Ke3 Rb2 67. Rd8+ Ke5 68. Re8+ Kd6 69. Rd8+ Ke5 70. Re8+ Kd6 71. Rd8+
Ke5 1/2-1/2

[Event "34. Open Internacional de Andorra 2016"]
[Site "Andorra AND"]
[Date "2016.08.06"]
[Round "4.5"]
[White "Prohaszka, Peter"]
[Black "Rudolf, Anna"]
[Result "1/2-1/2"]
[WhiteElo "2604"]
[BlackElo "2247"]
[PlyCount "123"]
[EventDate "2016.08.03"]
[EventType "swiss"]
[EventRounds "9"]
[EventCountry "AND"]
[SourceTitle "Ajedrez en Madrid"]
[Source "lmi"]
[SourceDate "2016.08.03"]
[SourceVersion "1"]
[SourceVersionDate "2018.03.01"]
[SourceQuality "1"]

1. Nf3 d5 2. b3 Nf6 3. Bb2 g6 4. c4 c6 5. g3 Bg7 6. Bg2 O-O 7. O-O Nbd7 8. d3
a5 9. Nc3 b6 10. cxd5 cxd5 11. Rc1 Ba6 12. a3 e6 13. b4 axb4 14. axb4 Qe7 15.
Qb3 Rfc8 16. Na4 Bb7 17. Ne5 Bf8 18. Nxd7 Nxd7 19. Bc3 b5 20. Nb2 Nb6 21. Bd4
Na4 22. Nxa4 bxa4 23. Qa3 Qd7 24. Bc5 Bxc5 25. bxc5 Bc6 26. Rb1 Rcb8 27. Rb6
Rxb6 28. cxb6 Ra6 29. Rb1 Qb7 30. Qb4 a3 31. Ra1 Ra4 32. Qb3 Qa6 33. e4 Ra5 34.
exd5 exd5 35. h4 h5 36. Kh2 Qa8 37. Qb4 a2 38. Qb2 Ra3 39. d4 Bb7 40. Bf1 Qa5
41. Bb5 Kg7 42. Kg2 Qa8 43. Qe2 Qd8 44. Rxa2 Rxa2 45. Qxa2 Qxb6 46. Qa4 Qe6 47.
Bd3 Qf6 48. Qb4 Bc8 49. Qc3 Bf5 50. Bf1 Be4+ 51. f3 Bf5 52. Qe3 Qc6 53. Be2 Qc2
54. Kf2 Qa2 55. Qe5+ Kg8 56. Ke3 Qa3+ 57. Kf2 Qa2 58. Qb8+ Kg7 59. Qb5 Bc2 60.
Ke3 Qa3+ 61. Kd2 Qa2 62. Ke3 1/2-1/2

[Event "34. Open Internacional de Andorra 2016"]
[Site "Andorra AND"]
[Date "2016.08.06"]
[Round "4.6"]
[White "Berkovich, Mark A"]
[Black "Demuth, Adrien"]
[Result "0-1"]
[WhiteElo "2346"]
[BlackElo "2545"]
[PlyCount "76"]
[EventDate "2016.08.03"]
[EventType "swiss"]
[EventRounds "9"]
[EventCountry "AND"]
[SourceTitle "Ajedrez en Madrid"]
[Source "lmi"]
[SourceDate "2016.08.03"]
[SourceVersion "1"]
[SourceVersionDate "2018.03.01"]
[SourceQuality "1"]

1. d4 Nf6 2. Nf3 d5 3. g3 c5 4. Bg2 cxd4 5. O-O h6 6. Bf4 e6 7. Bxb8 Rxb8 8.
Qxd4 b6 9. c4 Bc5 10. Qf4 Bb7 11. cxd5 Nxd5 12. Qa4+ Qd7 13. Qxd7+ Kxd7 14. e4
Nf6 15. Nc3 Ke7 16. Nd2 Rhd8 17. Nb3 Bb4 18. Rfe1 Bxc3 19. bxc3 Rbc8 20. Rac1
Nd7 21. Red1 Nc5 22. Rxd8 Kxd8 23. f3 Ke7 24. Bf1 g5 25. Kf2 g4 26. Nxc5 Rxc5
27. fxg4 Bxe4 28. Ke3 Bg6 29. Kd4 Rd5+ 30. Ke3 Re5+ 31. Kd2 f6 32. Be2 Rd5+ 33.
Ke3 Ra5 34. Ra1 Ra3 35. Kd4 e5+ 36. Kc4 Bf7+ 37. Kb4 Rxa2 38. Rxa2 Bxa2 0-1

[Event "34. Open Internacional de Andorra 2016"]
[Site "Andorra AND"]
[Date "2016.08.06"]
[Round "4.7"]
[White "Glud, Jakob Vang"]
[Black "Eizaguerri Floris, Maria"]
[Result "1/2-1/2"]
[WhiteElo "2532"]
[BlackElo "2111"]
[PlyCount "49"]
[EventDate "2016.08.03"]
[EventType "swiss"]
[EventRounds "9"]
[EventCountry "AND"]
[SourceTitle "Ajedrez en Madrid"]
[Source "lmi"]
[SourceDate "2016.08.03"]
[SourceVersion "1"]
[SourceVersionDate "2018.03.01"]
[SourceQuality "1"]

1. c4 e5 2. g3 Nf6 3. Bg2 Nc6 4. Nc3 Bc5 5. Nf3 d6 6. O-O Bf5 7. Na4 h6 8. a3
a6 9. Nxc5 dxc5 10. d3 O-O 11. Nh4 Bg4 12. h3 Be6 13. Kh2 Qd7 14. f4 exf4 15.
gxf4 Rad8 16. Qe1 Nd4 17. Qf2 Qd6 18. Be3 b6 19. Bxd4 cxd4 20. Kh1 c5 21. b4
Rfe8 22. bxc5 bxc5 23. Rab1 Rb8 24. a4 Bd7 25. a5 1/2-1/2

[Event "34. Open Internacional de Andorra 2016"]
[Site "Andorra AND"]
[Date "2016.08.06"]
[Round "4.8"]
[White "Adel Lahchaichi, Oussama"]
[Black "Kogan, Arthur"]
[Result "0-1"]
[WhiteElo "2334"]
[BlackElo "2530"]
[PlyCount "88"]
[EventDate "2016.08.03"]
[EventType "swiss"]
[EventRounds "9"]
[EventCountry "AND"]
[SourceTitle "Ajedrez en Madrid"]
[Source "lmi"]
[SourceDate "2016.08.03"]
[SourceVersion "1"]
[SourceVersionDate "2018.03.01"]
[SourceQuality "1"]

1. c4 e5 2. g3 Nc6 3. Bg2 Nf6 4. Nc3 Bc5 5. e3 d5 6. cxd5 Nb4 7. d4 exd4 8.
exd4 Be7 9. Nge2 Nbxd5 10. O-O c6 11. Nf4 Nxf4 12. Bxf4 Be6 13. Be3 O-O 14. Qc2
Qa5 15. h3 Rfd8 16. f4 Nd5 17. Bf2 Nxc3 18. bxc3 Bc4 19. Rfe1 Bd6 20. Be4 Qh5
21. Kg2 Re8 22. Bf3 Bd5 23. Bxd5 Qxd5+ 24. Kg1 b5 25. Qb3 Qf5 26. Kg2 h5 27. h4
Qg6 28. Kh2 Qd3 29. Kg2 a5 30. Rad1 Qg6 31. Kh2 Qg4 32. Qc2 Qf3 33. Rxe8+ Rxe8
34. Re1 Rxe1 35. Bxe1 Qf1 36. Qe4 Qc4 37. Kg1 a4 38. Qb1 c5 39. Bf2 cxd4 40.
Bxd4 b4 41. Qe1 Bf8 42. Qd2 b3 43. axb3 axb3 44. Kh2 Ba3 0-1

[Event "34. Open Internacional de Andorra 2016"]
[Site "Andorra AND"]
[Date "2016.08.06"]
[Round "4.9"]
[White "Collins, Sam E"]
[Black "Cimer, Emanuel"]
[Result "1-0"]
[WhiteElo "2448"]
[BlackElo "2230"]
[PlyCount "65"]
[EventDate "2016.08.03"]
[EventType "swiss"]
[EventRounds "9"]
[EventCountry "AND"]
[SourceTitle "Ajedrez en Madrid"]
[Source "lmi"]
[SourceDate "2016.08.03"]
[SourceVersion "1"]
[SourceVersionDate "2018.03.01"]
[SourceQuality "1"]

1. e4 c5 2. Nf3 d6 3. d4 cxd4 4. Nxd4 Nf6 5. Nc3 g6 6. Be3 Bg7 7. f3 O-O 8. Qd2
Nc6 9. Bc4 Bd7 10. O-O-O Rc8 11. Bb3 Nxd4 12. Bxd4 b5 13. Nd5 Nxd5 14. Bxg7
Kxg7 15. exd5 Kg8 16. h4 a5 17. a3 Rc5 18. h5 b4 19. hxg6 fxg6 20. axb4 axb4
21. Qxb4 Qa8 22. Kd2 Rb5 23. Qh4 Rf7 24. Ra1 Qb7 25. Qd4 Rb4 26. Qe3 Qc8 27.
Ra7 Rb7 28. Rha1 Rb8 29. Qc3 Qxc3+ 30. Kxc3 Bb5 31. Ra8 Rxa8 32. Rxa8+ Kg7 33.
Bc4 1-0

[Event "34. Open Internacional de Andorra 2016"]
[Site "Andorra AND"]
[Date "2016.08.06"]
[Round "4.10"]
[White "Antoli Royo, Joaquin Miguel"]
[Black "Ben-Abed, Mehdi"]
[Result "1-0"]
[WhiteElo "2432"]
[BlackElo "2088"]
[PlyCount "51"]
[EventDate "2016.08.03"]
[EventType "swiss"]
[EventRounds "9"]
[EventCountry "AND"]
[SourceTitle "Ajedrez en Madrid"]
[Source "lmi"]
[SourceDate "2016.08.03"]
[SourceVersion "1"]
[SourceVersionDate "2018.03.01"]
[SourceQuality "1"]

1. e4 c5 2. Nf3 e6 3. g3 Nc6 4. Bg2 Nf6 5. Qe2 d5 6. exd5 Nxd5 7. O-O Be7 8.
Rd1 O-O 9. d4 cxd4 10. Nxd4 Nxd4 11. Rxd4 Bc5 12. Rd1 Qf6 13. Nd2 Bb6 14. Ne4
Qg6 15. c4 Nf6 16. Nxf6+ Qxf6 17. Bf4 Bd4 18. Bd6 Re8 19. Rd2 Bd7 20. Bxb7 e5
21. Bxa8 Qxd6 22. Bd5 Bc6 23. Re1 Rd8 24. Bxc6 Qxc6 25. Qxe5 Bxf2+ 26. Rxf2 1-0